000
00256nam a2200109Ia 4500
008
230907s9999||||xx |||||||||||||| ||und||
082
_a
620.1
_b
MER
245
0
_a
Engineering Mechanics :
260
_a
Wiley,
_c
2016
300
_a
vol. 2, 736 p.
942
_c
BK
999
_c
598933
_d
598933